Statistics for Unique Ideologies

Click here to take the quiz!

General Stats

  • This quiz has been taken 532 times
    (236 since last reset)
  • The average score is 4 of 10

Answer Stats

Country of OriginHintAnswer% Correct
SpainNamed after the 20th century dictator of Spain. Influenced by fascism.Francoism
85%
Soviet UnionNamed after its creator, supports Permanent Revolution as opposed to Stalinism. Includes the Fourth International.Trotskyism
64%
North KoreaEmphasizes self-suffiency, developed by Kim Il-SungJuche
57%
AlbaniaNamed for this country’s former communist leaderHoxhaism
45%
United KingdomAn extremely long name for the political position that a state church should not lose its government funding.Antidisestablishmentarianism
25%
United StatesSupports land tax as only tax, popular in the late 19th and early 20th centuriesGeorgism
23%
SpainMonarchist, anti-liberal movement popular in the Basque region in the 19th and early 20th centuriesCarlism
18%
Unites States (first given this name)A libertarian, minimal government ideology. Believes government should be only military, police, and courtsMinarchism
17%
ArgentinaA synthesis of the previous ideology with unique opinions on aliens, dolphins, and nuclear warPosadism
15%
LebanonState ideology of Lebanon, which seeks to distribute political power among different religious groupsConfessionalism
2%

Score Distribution

Percentile by Number Answered

Percent of People with Each Score

Your Score History

You have not taken this quiz since the last reset